[Event "11th LCC Super Blitz 2019"]
[Site "London"]
[Date "2019.12.08"]
[Round "7.9"]
[White "Onslow, Teddy"]
[Black "Davis, Holden"]
[Result "0-1"]
[WhiteElo "1647"]
[BlackElo "1769"]
[Annotator "NA"]
[PlyCount "143"]
[EventDate "2019.12.08"]
[EventType "swiss"]
[EventCountry "ENG"]
[SourceTitle "playchess.com"]
[Source "ChessBase"]
[SourceQuality "1"]
[TimeControl "180+2"]

1. e4 {[%emt 0:01:05]} c5 {[%emt 0:00:01]} 2. Nf3 {[%emt 0:00:02]} d6 3. c3 Nf6 4. h3 {[%emt 0:00:02]} Nc6 {[%emt 0:00:03]} 5. Bd3 {[%emt 0:00:04]} e6 {[%emt 0:00:04]} 6. Bc2 {[%emt 0:00:01]} Be7 {[%emt 0:00:12]} 7. d4 {[%emt 0:00:01]} cxd4 {[%emt 0:00:02]} 8. cxd4 Nb4 {[%emt 0:00:25]} 9. Ba4+ {[%emt 0:00:08]} Bd7 {[%emt 0:00:03]} 10. Bxd7+ {[%emt 0:00:13]} Qxd7 11. Nc3 {[%emt 0:00:08]} O-O {[%emt 0:00:11]} 12. a3 Nc6 {[%emt 0:00:04]} 13. O-O {[%emt 0:00:04]} a6 {[%emt 0:00:04]} 14. Bf4 {[%emt 0:00:04]} Rac8 {[%emt 0:00:03]} 15. Rc1 {[%emt 0:00:07]} b5 {[%emt 0:00:08]} 16. b4 {[%emt 0:00:01]} Rfd8 {[%emt 0:00:09]} 17. d5 {[%emt 0:00:35]} Na7 {[%emt 0:00:38]} 18. dxe6 {[%emt 0:00:06]} fxe6 {[%emt 0:00:02]} 19. e5 {[%emt 0:00:08]} Ne8 {[%emt 0:00:25]} 20. exd6 {[%emt 0:00:05]} Bxd6 {[%emt 0:00:08]} 21. Bxd6 {[%emt 0:00:05]} Qxd6 {[%emt 0:00:12]} 22. Qxd6 {[%emt 0:00:02]} Nxd6 23. Rfe1 {[%emt 0:00:03]} Re8 {[%emt 0:00:22]} 24. Ne5 {[%emt 0:00:13]} Nc6 {[%emt 0:00:08]} 25. Nxc6 {[%emt 0:00:04]} Rxc6 26. Nb1 {[%emt 0:00:22]} Nc4 27. Nd2 {[%emt 0:00:15]} Rec8 {[%emt 0:00:06]} 28. Nxc4 bxc4 {[%emt 0:00:02]} 29. Re3 {[%emt 0:00:03]} Kf7 {[%emt 0:00:02]} 30. Rec3 {[%emt 0:00:02]} e5 {[%emt 0:00:04]} 31. Kf1 Kf6 {[%emt 0:00:03]} 32. Ke2 {[%emt 0:00:02]} a5 {[%emt 0:00:03]} 33. b5 {[%emt 0:00:06]} Rc5 {[%emt 0:00:04]} 34. a4 {[%emt 0:00:02]} g5 {[%emt 0:00:02]} 35. g4 {[%emt 0:00:01]} h5 {[%emt 0:00:04]} 36. f3 hxg4 {[%emt 0:00:01]} 37. hxg4 Ke6 {[%emt 0:00:03]} 38. Ke3 Kf6 39. Rd1 {[%emt 0:00:13]} Ke6 {[%emt 0:00:02]} 40. Ke4 {[%emt 0:00:02]} Rf8 {[%emt 0:00:02]} 41. Rdc1 {[%emt 0:00:06]} Rfc8 42. Rh1 {[%emt 0:00:01]} Rf8 {[%emt 0:00:02]} 43. Rh6+ {[%emt 0:00:02]} Rf6 44. Rh5 {[%emt 0:00:04]} Rg6 45. Rh1 {[%emt 0:00:06]} Rg8 {[%emt 0:00:02]} 46. Rhc1 {[%emt 0:00:04]} Rgc8 47. Re3 {[%emt 0:00:04]} Rd5 {[%emt 0:00:03]} 48. Rec3 {[%emt 0:00:21]} Rd4+ 49. Ke3 Kd5 50. R3c2 {[%emt 0:00:08]} Kc5 51. Rb1 {[%emt 0:00:07]} Rf8 {[%emt 0:00:07]} 52. Kf2 {[%emt 0:00:02]} Rd3 {[%emt 0:00:02]} 53. b6 {[%emt 0:00:04]} Rdxf3+ {[%emt 0:00:03]} 54. Kg2 R3f7 {[%emt 0:00:05]} 55. b7 {[%emt 0:00:04]} Rb8 56. Rbc1 {[%emt 0:00:02]} Rfxb7 {[%emt 0:00:04]} 57. Rxc4+ {[%emt 0:00:01]} Kd6 58. Rc6+ {[%emt 0:00:02]} Kd7 {[%emt 0:00:03]} 59. R1c2 {[%emt 0:00:02]} Rb2 {[%emt 0:00:01]} 60. Kf3 Rxc2 {[%emt 0:00:02]} 61. Rxc2 {[%emt 0:00:02]} Rb3+ {[%emt 0:00:02]} 62. Kg2 Rb4 {[%emt 0:00:01]} 63. Rc5 {[%emt 0:00:02]} Rxg4+ {[%emt 0:00:02]} 64. Kf3 {[%emt 0:00:01]} Rxa4 {[%emt 0:00:02]} 65. Rxe5 {[%emt 0:00:01]} g4+ {[%emt 0:00:02]} 66. Kg3 Kd6 {[%emt 0:00:01]} 67. Rg5 {[%emt 0:00:01]} Ra3+ {[%emt 0:00:07]} 68. Kxg4 {[%emt 0:00:02]} Kc6 69. Rf5 {[%emt 0:00:05]} Kb6 {[%emt 0:00:02]} 70. Kf4 {[%emt 0:00:02]} Rd3 {[%emt 0:00:01]} 71. Ke4 Rd8 {[%emt 0:00:01]} 72. Ke5 {[%emt 0:00:16]} 0-1

[Event "11th LCC Super Blitz 2019"]
[Site "London"]
[Date "2019.12.08"]
[Round "7.10"]
[White "Joslin, Tim"]
[Black "Bergner, Matthias"]
[Result "1-0"]
[WhiteElo "1822"]
[BlackElo "1632"]
[Annotator "NA"]
[PlyCount "27"]
[EventDate "2019.12.08"]
[EventType "swiss"]
[EventCountry "ENG"]
[SourceTitle "playchess.com"]
[Source "ChessBase"]
[SourceQuality "1"]
[TimeControl "180+2"]

1. e4 {[%emt 0:00:00]} e6 {[%emt 0:00:00]} 2. Nf3 {[%emt 0:00:01]} d5 {[%emt 0:00:00]} 3. Nc3 {[%emt 0:00:01]} Nf6 {[%emt 0:00:07]} 4. e5 {[%emt 0:00:01]} Nfd7 {[%emt 0:00:01]} 5. d4 {[%emt 0:00:01]} c5 {[%emt 0:00:01]} 6. dxc5 {[%emt 0:00:04]} Bxc5 {[%emt 0:00:06]} 7. Bd3 {[%emt 0:00:05]} Nc6 {[%emt 0:00:07]} 8. Bf4 {[%emt 0:00:02]} Qc7 {[%emt 0:00:07]} 9. O-O {[%emt 0:00:04]} O-O {[%emt 0:00:11]} 10. Bxh7+ {[%emt 0:00:05]} Kxh7 {[%emt 0:00:15]} 11. Ng5+ {[%emt 0:00:00]} Kg6 {[%emt 0:00:03]} 12. Qg4 {[%emt 0:00:39]} Ncxe5 {[%emt 0:00:10]} 13. Qg3 {[%emt 0:00:13]} Qd6 {[%emt 0:00:31]} 14. Nge4+ {[%emt 0:00:12]} 1-0

[Event "11th LCC Super Blitz 2019"]
[Site "London"]
[Date "2019.12.08"]
[Round "7.10"]
[White "Watson, Mikey J"]
[Black "Vaidya, Raghav"]
[Result "0-1"]
[WhiteElo "1748"]
[BlackElo "1467"]
[Annotator "NA"]
[PlyCount "89"]
[EventDate "2019.12.08"]
[EventType "swiss"]
[EventCountry "ENG"]
[SourceTitle "playchess.com"]
[Source "ChessBase"]
[SourceQuality "1"]
[TimeControl "180+2"]

1. b3 {[%emt 0:00:00]} d5 {[%emt 0:00:00]} 2. Bb2 {[%emt 0:00:00]} c5 {[%emt 0:00:02]} 3. e3 {[%emt 0:00:00]} Nc6 {[%emt 0:00:00]} 4. Bb5 {[%emt 0:00:01]} Qc7 {[%emt 0:00:02]} 5. Nf3 {[%emt 0:00:01]} Nf6 {[%emt 0:00:02]} 6. O-O {[%emt 0:00:20]} g6 {[%emt 0:00:07]} 7. Ne5 {[%emt 0:00:11]} Bg7 {[%emt 0:00:03]} 8. Bxc6+ {[%emt 0:00:03]} bxc6 {[%emt 0:00:04]} 9. f4 {[%emt 0:00:11]} O-O {[%emt 0:00:00]} 10. d3 {[%emt 0:00:07]} Nd7 {[%emt 0:00:34]} 11. d4 {[%emt 0:00:20]} f6 {[%emt 0:00:14]} 12. Nxd7 {[%emt 0:00:29]} Bxd7 {[%emt 0:00:01]} 13. dxc5 {[%emt 0:00:01]} e5 {[%emt 0:00:01]} 14. Nd2 {[%emt 0:00:16]} Rad8 {[%emt 0:00:16]} 15. Qe2 {[%emt 0:00:17]} Bf5 {[%emt 0:00:11]} 16. c4 {[%emt 0:00:10]} Rfe8 {[%emt 0:00:21]} 17. cxd5 {[%emt 0:00:01]} cxd5 {[%emt 0:00:01]} 18. b4 {[%emt 0:00:03]} h5 {[%emt 0:00:16]} 19. fxe5 {[%emt 0:00:07]} fxe5 {[%emt 0:00:02]} 20. Nf3 {[%emt 0:00:08]} d4 {[%emt 0:00:07]} 21. exd4 {[%emt 0:00:12]} exd4 {[%emt 0:00:00]} 22. Qc4+ {[%emt 0:00:04]} Be6 {[%emt 0:00:02]} 23. Qa6 {[%emt 0:00:04]} d3 {[%emt 0:00:02]} 24. Bxg7 {[%emt 0:00:06]} Kxg7 {[%emt 0:00:01]} 25. Ng5 {[%emt 0:00:04]} Bf5 {[%emt 0:00:03]} 26. Rxf5 {[%emt 0:00:10]} gxf5 {[%emt 0:00:01]} 27. Ne6+ {[%emt 0:00:00]} Rxe6 {[%emt 0:00:03]} 28. Qxe6 {[%emt 0:00:01]} d2 {[%emt 0:00:00]} 29. Rd1 {[%emt 0:00:06]} Rd3 {[%emt 0:00:17]} 30. Qxf5 {[%emt 0:00:02]} Qd8 {[%emt 0:00:01]} 31. Qe5+ {[%emt 0:00:02]} Kg8 {[%emt 0:00:01]} 32. Qe6+ {[%emt 0:00:01]} Kg7 {[%emt 0:00:01]} 33. Qe5+ {[%emt 0:00:01]} Kg8 {[%emt 0:00:01]} 34. Qxh5 {[%emt 0:00:06]} Qd4+ {[%emt 0:00:01]} 35. Kh1 {[%emt 0:00:03]} Re3 {[%emt 0:00:08]} 36. Qg5+ {[%emt 0:00:05]} Kf7 {[%emt 0:00:04]} 37. Qf5+ {[%emt 0:00:03]} Ke7 {[%emt 0:00:01]} 38. Qg5+ {[%emt 0:00:04]} Kd7 {[%emt 0:00:01]} 39. Qf5+ {[%emt 0:00:04]} Kc6 {[%emt 0:00:08]} 40. Qc8+ {[%emt 0:00:02]} Kb5 {[%emt 0:00:06]} 41. Qb7+ {[%emt 0:00:02]} Kc4 {[%emt 0:00:01]} 42. Qa6+ {[%emt 0:00:02]} Kc3 {[%emt 0:00:28]} 43. Qf1 {[%emt 0:00:12]} Qd3 {[%emt 0:00:12]} 44. Qf6+ {[%emt 0:00:03]} Kc2 {[%emt 0:00:01]} 45. Qa1 {[%emt 0:00:03]} 0-1

[Event "11th LCC Super Blitz 2019"]
[Site "London"]
[Date "2019.12.08"]
[Round "7.11"]
[White "Iyengar, Ilya"]
[Black "Pham, Catherine"]
[Result "1-0"]
[WhiteElo "1984"]
[BlackElo "1280"]
[Annotator "NA"]
[PlyCount "88"]
[EventDate "2019.12.08"]
[EventType "swiss"]
[EventCountry "ENG"]
[SourceTitle "playchess.com"]
[Source "ChessBase"]
[SourceQuality "1"]
[TimeControl "180+2"]

1. e4 {[%emt 0:00:00]} e6 {[%emt 0:00:00]} 2. d4 {[%emt 0:00:01]} d5 {[%emt 0:00:00]} 3. e5 {[%emt 0:00:01]} c5 {[%emt 0:00:00]} 4. Nf3 {[%emt 0:00:02]} Qb6 {[%emt 0:00:00]} 5. Nc3 {[%emt 0:00:05]} Nc6 {[%emt 0:00:01]} 6. Na4 {[%emt 0:00:10]} Qa5+ {[%emt 0:00:22]} 7. c3 {[%emt 0:00:22]} c4 {[%emt 0:00:25]} 8. b4 {[%emt 0:00:09]} cxb3 {[%emt 0:00:31]} 9. Qxb3 {[%emt 0:00:01]} Qc7 {[%emt 0:00:07]} 10. Bd2 {[%emt 0:00:17]} Bd7 {[%emt 0:00:02]} 11. Nb2 {[%emt 0:00:01]} Na5 {[%emt 0:00:06]} 12. Qc2 {[%emt 0:00:04]} Ne7 {[%emt 0:00:22]} 13. Bd3 {[%emt 0:00:06]} Ng6 {[%emt 0:00:02]} 14. h4 {[%emt 0:00:06]} Nc4 {[%emt 0:00:23]} 15. Nxc4 {[%emt 0:00:06]} dxc4 {[%emt 0:00:03]} 16. Be4 {[%emt 0:00:02]} Bc6 {[%emt 0:00:02]} 17. h5 {[%emt 0:00:01]} Bxe4 {[%emt 0:00:14]} 18. Qxe4 {[%emt 0:00:02]} Ne7 {[%emt 0:00:01]} 19. O-O {[%emt 0:00:06]} Qc6 {[%emt 0:00:07]} 20. Ng5 {[%emt 0:00:30]} Qxe4 {[%emt 0:00:04]} 21. Nxe4 {[%emt 0:00:01]} Nd5 {[%emt 0:00:03]} 22. Rab1 {[%emt 0:00:04]} b6 {[%emt 0:00:01]} 23. f4 {[%emt 0:00:08]} g6 {[%emt 0:00:04]} 24. hxg6 {[%emt 0:00:12]} hxg6 {[%emt 0:00:00]} 25. Kf2 {[%emt 0:00:05]} Rh4 {[%emt 0:00:08]} 26. Rh1 {[%emt 0:00:03]} Be7 {[%emt 0:00:14]} 27. Rxh4 {[%emt 0:00:02]} Bxh4+ {[%emt 0:00:03]} 28. g3 {[%emt 0:00:01]} Be7 {[%emt 0:00:02]} 29. Rh1 {[%emt 0:00:02]} Kd7 {[%emt 0:00:11]} 30. Ke2 {[%emt 0:00:10]} Rf8 {[%emt 0:00:03]} 31. g4 {[%emt 0:00:03]} f5 {[%emt 0:00:02]} 32. exf6 {[%emt 0:00:02]} Nxf6 {[%emt 0:00:02]} 33. Nxf6+ {[%emt 0:00:01]} Bxf6 {[%emt 0:00:01]} 34. Rh7+ {[%emt 0:00:01]} Kd6 {[%emt 0:00:02]} 35. g5 {[%emt 0:00:05]} Be7 {[%emt 0:00:03]} 36. Rg7 {[%emt 0:00:04]} a5 {[%emt 0:00:10]} 37. Rxg6 {[%emt 0:00:02]} b5 {[%emt 0:00:01]} 38. a3 {[%emt 0:00:09]} Kd7 {[%emt 0:00:03]} 39. Bc1 {[%emt 0:00:02]} b4 {[%emt 0:00:05]} 40. axb4 {[%emt 0:00:01]} axb4 {[%emt 0:00:00]} 41. cxb4 Bxb4 {[%emt 0:00:01]} 42. Bd2 {[%emt 0:00:01]} c3 {[%emt 0:00:03]} 43. Bc1 {[%emt 0:00:02]} Rc8 {[%emt 0:00:06]} 44. Kd3 {[%emt 0:00:01]} c2 {[%emt 0:00:01]} 1-0

[Event "11th LCC Super Blitz 2019"]
[Site "London"]
[Date "2019.12.08"]
[Round "7.12"]
[White "Nunn, Petra"]
[Black "Fisher, Neal"]
[Result "1-0"]
[WhiteElo "1908"]
[BlackElo "1522"]
[Annotator "NA"]
[PlyCount "79"]
[EventDate "2019.12.08"]
[EventType "swiss"]
[EventCountry "ENG"]
[SourceTitle "playchess.com"]
[Source "ChessBase"]
[SourceQuality "1"]
[TimeControl "180+2"]

1. e4 {[%emt 0:00:00]} d6 {[%emt 0:00:00]} 2. Nf3 {[%emt 0:00:00]} Nf6 {[%emt 0:00:00]} 3. Nc3 {[%emt 0:00:01]} Nbd7 {[%emt 0:00:01]} 4. d4 {[%emt 0:00:01]} e5 {[%emt 0:00:01]} 5. d5 {[%emt 0:00:02]} Be7 {[%emt 0:00:02]} 6. Bg5 {[%emt 0:00:02]} h6 {[%emt 0:00:01]} 7. Bh4 {[%emt 0:00:02]} c6 {[%emt 0:00:02]} 8. Bc4 {[%emt 0:00:04]} Qc7 {[%emt 0:00:01]} 9. Bb3 {[%emt 0:00:03]} Nf8 {[%emt 0:00:09]} 10. a4 {[%emt 0:00:10]} a5 {[%emt 0:00:02]} 11. O-O {[%emt 0:00:04]} Bg4 {[%emt 0:00:04]} 12. Qd3 {[%emt 0:00:03]} g5 {[%emt 0:00:03]} 13. Bg3 {[%emt 0:00:02]} Ng6 {[%emt 0:00:02]} 14. h3 {[%emt 0:00:04]} Bd7 {[%emt 0:00:01]} 15. Nd2 {[%emt 0:00:13]} g4 {[%emt 0:00:13]} 16. hxg4 {[%emt 0:00:12]} Nxg4 {[%emt 0:00:01]} 17. dxc6 {[%emt 0:00:08]} bxc6 {[%emt 0:00:01]} 18. Ne2 {[%emt 0:00:18]} Bg5 {[%emt 0:00:06]} 19. Nf3 {[%emt 0:00:10]} Nf4 {[%emt 0:00:12]} 20. Bxf4 {[%emt 0:00:04]} Bxf4 {[%emt 0:00:09]} 21. Nxf4 {[%emt 0:00:04]} exf4 {[%emt 0:00:04]} 22. Nd4 {[%emt 0:00:11]} h5 {[%emt 0:00:12]} 23. Rae1 {[%emt 0:00:11]} h4 {[%emt 0:00:05]} 24. Qc4 {[%emt 0:00:02]} Rh7 {[%emt 0:00:25]} 25. Nf5 {[%emt 0:00:28]} Be6 {[%emt 0:00:24]} 26. Qd3 {[%emt 0:00:16]} Kd7 {[%emt 0:00:49]} 27. e5 {[%emt 0:00:11]} d5 {[%emt 0:00:05]} 28. Nd6 {[%emt 0:00:04]} Rah8 {[%emt 0:00:03]} 29. Qf3 {[%emt 0:00:12]} h3 {[%emt 0:00:04]} 30. gxh3 {[%emt 0:00:16]} Rxh3 {[%emt 0:00:03]} 31. Qxf4 {[%emt 0:00:07]} Rh1+ {[%emt 0:00:03]} 32. Kg2 {[%emt 0:00:01]} R8h2+ {[%emt 0:00:01]} 33. Kf3 {[%emt 0:00:02]} Rh3+ {[%emt 0:00:01]} 34. Ke2 {[%emt 0:00:01]} R1h2 {[%emt 0:00:14]} 35. Kd1 {[%emt 0:00:04]} Rh4 {[%emt 0:00:13]} 36. Nxf7 {[%emt 0:00:04]} Nxf2+ {[%emt 0:00:02]} 37. Qxf2 {[%emt 0:00:03]} Rxf2 {[%emt 0:00:00]} 38. Rxf2 {[%emt 0:00:03]} Bxf7 {[%emt 0:00:01]} 39. Rxf7+ {[%emt 0:00:01]} Kd8 40. Rxc7 {[%emt 0:00:05]} 1-0

[Event "11th LCC Super Blitz 2019"]
[Site "London"]
[Date "2019.12.08"]
[Round "7.12"]
[White "Dhemrait, Jagdeep"]
[Black "Muhunthan, Charukgan"]
[Result "1-0"]
[WhiteElo "1834"]
[BlackElo "1401"]
[Annotator "NA"]
[PlyCount "48"]
[EventDate "2019.12.08"]
[EventType "swiss"]
[EventCountry "ENG"]
[SourceTitle "playchess.com"]
[Source "ChessBase"]
[SourceQuality "1"]
[TimeControl "180+2"]

1. e4 {[%emt 0:00:00]} c5 {[%emt 0:00:00]} 2. Nc3 {[%emt 0:00:01]} d6 {[%emt 0:00:05]} 3. f4 {[%emt 0:00:02]} Nc6 {[%emt 0:00:00]} 4. Nf3 {[%emt 0:00:00]} g6 {[%emt 0:00:02]} 5. Bb5 {[%emt 0:00:02]} Bd7 {[%emt 0:00:03]} 6. Bxc6 {[%emt 0:00:01]} Bxc6 {[%emt 0:00:01]} 7. O-O {[%emt 0:00:02]} Bg7 {[%emt 0:00:00]} 8. d3 {[%emt 0:00:01]} Nf6 {[%emt 0:00:05]} 9. f5 {[%emt 0:00:06]} O-O {[%emt 0:00:14]} 10. Qe1 Nd7 {[%emt 0:00:10]} 11. Qh4 {[%emt 0:00:05]} e5 {[%emt 0:00:16]} 12. Bg5 {[%emt 0:00:19]} f6 {[%emt 0:00:03]} 13. fxg6 {[%emt 0:00:30]} hxg6 {[%emt 0:00:10]} 14. Bh6 {[%emt 0:00:28]} Qe7 {[%emt 0:00:27]} 15. Bxg7 {[%emt 0:00:09]} Qxg7 {[%emt 0:00:01]} 16. Qg4 {[%emt 0:00:11]} f5 {[%emt 0:00:06]} 17. Qg3 {[%emt 0:00:16]} Nb6 {[%emt 0:00:06]} 18. Nh4 {[%emt 0:00:10]} Rf6 {[%emt 0:01:03]} 19. exf5 {[%emt 0:00:16]} gxf5 {[%emt 0:00:13]} 20. Qxg7+ {[%emt 0:00:11]} Kxg7 {[%emt 0:00:01]} 21. Nxf5+ {[%emt 0:00:03]} Kh8 {[%emt 0:00:02]} 22. Ne4 {[%emt 0:00:10]} Bxe4 {[%emt 0:00:01]} 23. dxe4 {[%emt 0:00:01]} Rg8 {[%emt 0:00:09]} 24. Rf3 {[%emt 0:00:04]} Rg5 {[%emt 0:00:32]} 1-0

[Event "11th LCC Super Blitz 2019"]
[Site "London"]
[Date "2019.12.08"]
[Round "7.14"]
[White "Sandhu, Manvith"]
[Black "Patel, Zain"]
[Result "1-0"]
[WhiteElo "1673"]
[BlackElo "1253"]
[Annotator "NA"]
[PlyCount "67"]
[EventDate "2019.12.08"]
[EventType "swiss"]
[EventCountry "ENG"]
[SourceTitle "playchess.com"]
[Source "ChessBase"]
[SourceQuality "1"]
[TimeControl "180+2"]

1. e4 {[%emt 0:00:00]} c5 {[%emt 0:00:00]} 2. Nf3 {[%emt 0:00:01]} d6 {[%emt 0:00:00]} 3. d4 {[%emt 0:00:04]} cxd4 {[%emt 0:00:01]} 4. Qxd4 {[%emt 0:00:01]} Nf6 {[%emt 0:00:02]} 5. Nc3 {[%emt 0:00:02]} a6 {[%emt 0:00:01]} 6. Be3 {[%emt 0:00:12]} Nc6 {[%emt 0:00:05]} 7. Qb6 {[%emt 0:00:02]} Qxb6 {[%emt 0:00:03]} 8. Bxb6 {[%emt 0:00:01]} Nb4 {[%emt 0:00:06]} 9. O-O-O {[%emt 0:00:06]} e5 {[%emt 0:00:10]} 10. a3 {[%emt 0:00:19]} Nc6 {[%emt 0:00:07]} 11. Bc4 {[%emt 0:00:22]} Be7 {[%emt 0:00:02]} 12. Rhe1 {[%emt 0:00:30]} O-O {[%emt 0:00:03]} 13. Bc7 {[%emt 0:00:03]} Ne8 {[%emt 0:00:10]} 14. Bb6 {[%emt 0:00:02]} Bg4 {[%emt 0:00:05]} 15. Nd5 {[%emt 0:00:04]} Rc8 {[%emt 0:00:19]} 16. Nxe7+ {[%emt 0:00:15]} Nxe7 {[%emt 0:00:02]} 17. Bb3 {[%emt 0:00:01]} Rc6 {[%emt 0:00:05]} 18. Be3 {[%emt 0:00:09]} Nc7 {[%emt 0:00:03]} 19. Ba4 {[%emt 0:00:06]} b5 {[%emt 0:00:02]} 20. Bb3 {[%emt 0:00:02]} a5 {[%emt 0:00:02]} 21. h3 {[%emt 0:00:21]} Be6 {[%emt 0:00:05]} 22. Bxe6 {[%emt 0:00:13]} fxe6 {[%emt 0:00:09]} 23. Rd3 {[%emt 0:00:05]} b4 {[%emt 0:00:04]} 24. axb4 {[%emt 0:00:05]} axb4 {[%emt 0:00:01]} 25. Red1 {[%emt 0:00:03]} b3 {[%emt 0:00:06]} 26. Rxb3 {[%emt 0:00:03]} d5 {[%emt 0:00:04]} 27. Nxe5 {[%emt 0:00:04]} Rd6 {[%emt 0:00:04]} 28. Bc5 {[%emt 0:00:04]} Ra6 {[%emt 0:00:22]} 29. Bxe7 {[%emt 0:00:02]} Rxf2 {[%emt 0:00:03]} 30. Ra3 {[%emt 0:00:07]} Rb6 {[%emt 0:00:17]} 31. Rc3 {[%emt 0:00:03]} Ra6 {[%emt 0:00:08]} 32. Ba3 {[%emt 0:00:03]} Nb5 {[%emt 0:00:10]} 33. Rc8+ {[%emt 0:00:01]} Rf8 34. Rxf8# {[%emt 0:00:01]} 1-0

[Event "11th LCC Super Blitz 2019"]
[Site "London"]
[Date "2019.12.09"]
[Round "8.1"]
[White "Jones, Gawain C B"]
[Black "Tanmay Chopra"]
[Result "1-0"]
[WhiteElo "2683"]
[BlackElo "2100"]
[Annotator "TA"]
[PlyCount "19"]
[EventDate "2019.12.08"]
[EventType "swiss"]
[EventCountry "ENG"]
[SourceTitle "playchess.com"]
[Source "ChessBase"]
[SourceQuality "1"]

{[%evp 9,19,-2,8,12,83,-19,-13,-155,-135,-181,-43,-54]} 1. d4 Nf6 2. Nc3 d5 3. Bf4 c5 4. e3 a6 (4... cxd4 5. exd4 a6 6. h3 Nc6 7. Nf3 Bf5 8. Bd3 Bxd3 9. Qxd3 e6 10. O-O Be7 11. Rfe1 O-O 12. Ne2 Rc8 13. c3 {1-0 (60) Abasov,N (2641)-Demchenko,A (2665) Konya 2019}) 5. Nf3 Nc6 6. dxc5 {D00: 1 d4 d5: Unusual lines} Qa5 (6... e6 $11 {keeps the balance.}) 7. Bd3 ({White should play} 7. Nd2 $16) 7... Bg4 $11 {Threatens to win with ...e5.} 8. h3 $146 (8. O-O $11) ({Predecessor:} 8. Qd2 Bxf3 9. gxf3 e5 10. Bg5 Rd8 11. Bxf6 gxf6 12. Bf5 Bh6 13. Ne2 Qxc5 {1-0 (52) Torre,E (2491)-Salvador,R (2527) Manila 2011}) 8... Bxf3 $1 $17 9. gxf3 Qxc5 (9... e5 $19 10. Bg3 d4 {[%mdl 64] Pin} 11. Bxe5 {[%mdl 64] Remove Defender} (11. exd4 $2 exd4 {[%mdl 64] Pin} 12. O-O dxc3 $19) 11... Nxe5 12. exd4 Nc6) 10. Qd2 {[%mdl 32768] Loss on time!?} 1-0

[Event "11th LCC Super Blitz 2019"]
[Site "London"]
[Date "2019.12.08"]
[Round "8.1"]
[White "Howell, David Wl"]
[Black "Stoyanov, Viktor"]
[Result "1-0"]
[WhiteElo "2650"]
[BlackElo "2191"]
[Annotator "ChessBase"]
[PlyCount "59"]
[EventDate "2019.12.08"]
[EventType "swiss"]
[EventCountry "ENG"]
[SourceTitle "playchess.com"]
[Source "ChessBase"]
[SourceQuality "1"]
[TimeControl "180+2"]

1. d4 {[%emt 0:00:00]} Nf6 {[%emt 0:00:00]} 2. Bf4 {[%emt 0:00:02]} g6 {[%emt 0:00:03]} 3. e3 {[%emt 0:00:06]} Bg7 {[%emt 0:00:02]} 4. Nd2 {[%emt 0:00:02]} O-O {[%emt 0:00:03]} 5. Ngf3 {[%emt 0:00:03]} d6 {[%emt 0:00:03]} 6. h3 {[%emt 0:00:01]} b6 {[%emt 0:00:02]} 7. a4 {[%emt 0:00:02]} a6 {[%emt 0:00:02]} 8. Bc4 {[%emt 0:00:06]} Bb7 {[%emt 0:00:01]} 9. Qe2 {[%emt 0:00:02]} c5 {[%emt 0:00:03]} 10. c3 {[%emt 0:00:05]} Nbd7 {[%emt 0:00:02]} 11. O-O {[%emt 0:00:02]} d5 {[%emt 0:00:20]} 12. Bd3 {[%emt 0:00:03]} Ne4 {[%emt 0:00:02]} 13. Rfd1 {[%emt 0:00:08]} Rc8 {[%emt 0:00:07]} 14. Bxa6 {[%emt 0:00:04]} Bxa6 {[%emt 0:00:07]} 15. Qxa6 {[%emt 0:00:02]} c4 {[%emt 0:00:10]} 16. Nxe4 {[%emt 0:00:21]} dxe4 {[%emt 0:00:01]} 17. Nd2 {[%emt 0:00:01]} Ra8 {[%emt 0:00:12]} 18. Qxc4 {[%emt 0:00:03]} e5 {[%emt 0:00:01]} 19. dxe5 {[%emt 0:00:03]} Nxe5 {[%emt 0:00:10]} 20. Bxe5 {[%emt 0:00:04]} Bxe5 {[%emt 0:00:01]} 21. Qxe4 {[%emt 0:00:02]} Qc7 {[%emt 0:00:14]} 22. Nf3 {[%emt 0:00:05]} Bg7 {[%emt 0:00:06]} 23. Rd5 {[%emt 0:00:08]} Rfe8 {[%emt 0:00:18]} 24. Qd3 {[%emt 0:00:01]} Qc6 {[%emt 0:00:04]} 25. Qb5 {[%emt 0:00:01]} Qf6 {[%emt 0:00:06]} 26. Rad1 {[%emt 0:00:09]} h6 {[%emt 0:00:09]} 27. Rd6 {[%emt 0:00:04]} Qe7 {[%emt 0:00:08]} 28. Rxb6 {[%emt 0:00:06]} Rad8 {[%emt 0:00:03]} 29. Rxd8 {[%emt 0:00:08]} Rxd8 {[%emt 0:00:01]} 30. Rb8 {[%emt 0:00:01]} 1-0

[Event "11th LCC Super Blitz 2019"]
[Site "London"]
[Date "2019.12.08"]
[Round "8.1"]
[White "Rishi, Thariani"]
[Black "Adams, Michael"]
[Result "1-0"]
[WhiteElo "2008"]
[BlackElo "2701"]
[Annotator "TA"]
[PlyCount "87"]
[EventDate "2019.12.08"]
[EventType "swiss"]
[EventCountry "ENG"]
[SourceTitle "playchess.com"]
[Source "ChessBase"]
[SourceQuality "1"]

{[%evp 16,87,16,14,17,12,61,0,17,4,1,-12,66,35,74,-22,-20,-19,-16,-15,0,0,0,0,121,27,87,-25,56,0,0,0,0,0,0,0,0,0,0,0,74,68,70,69,87,70,72,49,159,157,160,163,197,179,237,233,249,242,299,314,333,308,641,616,537,235,301,223,221,218,418,418,1267,1190]} 1. e4 e5 2. Nf3 Nc6 3. Bc4 Bc5 4. c3 Nf6 5. d3 d6 6. Nbd2 a6 7. h3 Ba7 8. Bb3 O-O 9. Nf1 Be6 {C54: Giuoco Piano: 4 c3 Nf6, main lines with 5 d4 and 5 d3} (9... Ne7 10. Ng3 Ng6 11. O-O Be6 12. Bc2 c5 13. Re1 h6 14. Bd2 Qd7 15. Qc1 Rfe8 16. a4 a5 17. c4 {½-½ (26) Wei,Y (2706)-Bu,X (2698) Shenzhen 2016}) 10. Ng3 d5 11. Qe2 dxe4 {The position is equal.} 12. dxe4 Qd7 13. Bg5 Bxb3 ({Black should play} 13... Ne8 $1 $11) 14. Bxf6 $1 $14 {aiming for Nh5.} Ba4 $146 {[#]} ({Predecessor:} 14... gxf6 15. axb3 Qe6 16. Nf5 Kh8 17. b4 Rg8 {½-½ (66) Stepovaia,T (2420)-Stjazhkina,O (2319) Elista 2000}) 15. Nxe5 (15. Nh5 $1 $16 {[%cal Rh5g7]} g6 16. b3 gxh5 17. Ng5) 15... Qe6 $11 16. Nxc6 Bxc6 17. Bd4 Bb5 18. Qe3 Bxd4 19. cxd4 a5 (19... Rae8 $1 $11) 20. Ne2 (20. d5 $16 Qf6 21. O-O-O) 20... Rad8 (20... Bxe2 $11 21. Kxe2 (21. Qxe2 Rfe8 $11) 21... Rfe8) 21. a4 (21. Nc3 $16 Qb6 22. O-O-O) 21... Ba6 ({Black should try} 21... Bxe2 $11 22. Kxe2 Qc4+ 23. Qd3 Rxd4 24. Qxc4 Rxc4) 22. Rd1 (22. d5 $14 Qf6 23. Nc3) 22... Qc4 23. b3 Qc2 24. Rd2 Qb1+ 25. Rd1 Qb2 26. Rd2 $36 {[%mdl 2048] White fights for an advantage.} Qa1+ 27. Rd1 Qa3 (27... Qb2 $11 {keeps the balance.}) 28. f3 $16 Rd6 29. Kf2 Bxe2 30. Kxe2 Rb6 31. Rd3 Rc6 (31... Qb2+ $14 32. Rd2 Qxb3) 32. Rhd1 h6 33. d5 Rg6 34. Kf2 Qd6 (34... Qb2+ $142 35. R3d2 Qf6) 35. e5 $18 Qe7 36. Kg1 Qh4 37. f4 Re8 38. Qf3 Qe7 $2 (38... Rb6 39. d6 cxd6 40. exd6 Rd8) 39. d6 cxd6 40. Rxd6 (40. f5 $142 Rg5 41. exd6 (41. h4 dxe5 42. hxg5 e4 $11 {[%mdl 64] Double Attack})) 40... Rxd6 41. Rxd6 Qc7 42. Kh2 g6 $2 (42... Re7 43. Qd5 Qc3 44. Rd8+ Kh7) 43. Qd5 {Strongly threatening Rd7.} Kg7 {[#]} (43... Qc2 $142 44. Qxb7 Rf8) 44. Rd7 $1 {Accuracy: White = 53%, Black = 37%.} 1-0